00304 a2200121 4500001000700000020000600007040001100013100002100024240006100045245005600106362000900162440001100171169117 a  cMagnum aLara, Tiago Adao10aA escola que nao tive... o professor que nao fui...lpor10aA escola que nao tive... o professor que nao fui...0 a1899 1aCortez